00470nam a22001577a 450000500170000000800410001702000180005804000210007604100080009708200210010524500440012626000580017030000150022865000410024370000280028420240520082204.0240520b |||||||| |||| 00| 0 eng d a9788193662137 aIN-DiNCcIN-DiNC deng a301.0954162bSOU aSouthern review/ced. by Joydeep Biswas aGuwahati:bAssam College Teachers Association,c2018. axiv, 309p. aMultidsciplinary book on South Assam aBiswas, JoydeepeEditor